000 01338nam a2200241Ia 4500
003 Ost
005 20260507075410.0
008 260507s9999||||xx |||||||||||||| ||und||
020 _a6145410977
040 _cfsecg
041 _aara
082 _a600
100 _aالمغربي، عبد الحميد عبد الفتاح
_eمؤلف
245 0 _aبطاقة الأداء المتوازن /
_c عبد الحميد عبد الفتاح المغربي
260 _aالاسكندرية:
_bالمكتبة العصرية,
_c2009
300 _a244 صفحة؛
_bإيضاحات ؛
_c24 سم
504 _aالمراجع ص.239
520 _aيضم الادارة الاستراتيجية ونظم تقييم الأداء، بطاقة قياس الأداء المتوازن المفاهيم والأبعاد والوظائف الرئيسية، الخطوات المنهجية لتصميم وتطبيق بطاقة قياس الأداء المتوازن، المقاييس وعلاقاتها والتجارب التطبيقية لبطاقة قياس الاداء المتوازن، التجارب التطبيقية والدروس المستفادة لبطاقة قياس الاداء المتوازن
653 _aالإدارة
653 _aالمحاسبة الإدارية
653 _aتقييم الأداء
942 _cكتاب
999 _c44382
_d44382